Statystyki dla Granice Europy

Kliknij tutaj aby rozwiązać quiz!

Ogólne statystyki

  • Ten quiz został rozwiązany 15 razy
    (14 od ostatniego zresetowania)
  • Średni wynik to 5 z 17

Statystyki odpowiedzi

Granice z Azją% Poprawnych
Morze Arktyczne
80%
ocean Atlantycki
60%
kanał Sueski
40%
ocean Atlantycki
40%
cieśnina Duńska
20%
cieśnina Gibraltarska
20%
lądową granicą między Turcją, Bułgarią i Grecją
20%
Morze Arktyczne
20%
Morze Grenlandzkie
20%
Morze Śródziemne
20%
Morze Śródziemne
20%
wzdłuż doliny rzeki Emby
20%
wzdłuż Morza Kaspijskiego
20%
wzdłuż północnych stoków Kaukazu
20%
wzdłuż północnych wybrzeży Morza Azowskiego i Morza Czarnego
20%
wzdłuż wschodnich stoków Uralu
20%
wzdłuż wyspy Nowa Ziemia i Wajgacz
20%

Rozkład punktacji

Percentyl według liczby udzielonych odpowiedzi

Procent ludzi z każdym wynikiem

Twoja historia wyników

Nie rozwiązałeś tego quizu od ostatniego zresetowania